El contador de historias : descubre cómo los líderes conectan, atraen e inspiran a través del storytelling /

El autor comparte diez historias que utiliza en sus libros y conferencias para motivar, y explica por qué las creo, cuándo las aplica y cómo deben ser contadas, para generar impacto que mueva a la acción en su público. Los temas de las historias versan sobre desarrollo personal, liderazgo, éxito, po...

Descrizione completa

Salvato in:
Dettagli Bibliografici
Autore principale: Cruz, Camilo (autor)
Natura: Libro
Lingua:spagnolo
Pubblicazione: Sunrise, EUA : Taller del Exito, 2018, c2018
Soggetti:
Tags: Aggiungi Tag
Nessun Tag, puoi essere il primo ad aggiungerne!!

MARC

LEADER 00000nam^a2200000^a^4500
001 000416536
005 20250521000000.0
009 20260526144145.275
020 |a 978-1-60738-462-5 
037 |a Acervo ITESO - Biblioteca 
041 |a ESP 
082 |a 658. 409  |b CRU 
100 |a Cruz, Camilo  |e (autor) 
245 1 3 |a El contador de historias :  |b descubre cómo los líderes conectan, atraen e inspiran a través del storytelling /  |c C. Cruz. 
264 4 |a Sunrise, EUA :  |b Taller del Exito,  |c 2018, c2018 
300 |a 238 p. 
336 |a texto  |b txt  |2 rdacontenido 
337 |a sin mediación  |b n  |2 rdamedio 
338 |a volumen  |b nc  |2 rdasoporte 
520 |a El autor comparte diez historias que utiliza en sus libros y conferencias para motivar, y explica por qué las creo, cuándo las aplica y cómo deben ser contadas, para generar impacto que mueva a la acción en su público. Los temas de las historias versan sobre desarrollo personal, liderazgo, éxito, potencial creativo y superar temores. 
521 |a EEnlace Departamento de Estudios Socioculturales 2020 
649 |a XX 
650 |a Narración (Retórica) -  |x Tema Principal 
650 |a Competencia Comunicativa -  |x Tema Principal 
650 |a Comunicación Verbal 
650 |a Comunicación Personal 
650 |a Motivación Laboral 
650 |a Motivación -  |x Tema Principal 
650 |a Liderazgo 
650 |a Creatividad en los Negocios 
650 |a Habilidades Directivas 
650 |a Proceso Administrativo -  |x Dirección 
650 |a Administración 
650 |a Ciencias Administrativas 
910 |a Fondo General 
920 |a Impresos - Libros 
930 |a Colección General 
905 |a 101 
901 |a 0500326363  |b IT1  |c ACC  |i C170737  |u 20250521 
902 |a https://opac.biblio.iteso.mx/vufind/Record/000416536